| 000 | 00407nam a2200133 4500 | ||
|---|---|---|---|
| 999 |
_c509003 _d509003 |
||
| 008 | 190417b ||||| |||| 00| 0 eng d | ||
| 100 |
_aBhattacharya, Sreedeep _94572 |
||
| 245 | _aThe afterlife of things in a Delhi Junkyard: Liminal Debris of consumer culture | ||
| 260 | _c2018 | ||
| 300 | _ap.45-51. | ||
| 773 | _aEconomic and Political Weekly | ||
| 906 | _aWaste, Utilisation of | ||
| 942 |
_2ddc _cAR |
||